| 000 | aam a22 a 4500 | ||
|---|---|---|---|
| 999 |
_c323680 _d323680 |
||
| 003 | BLK | ||
| 005 | 20221208030909.0 | ||
| 008 | 180821b bul||||| |||| 00| 0 bul d | ||
| 020 | _a978-619-90645-1-1 | ||
| 040 | _aBLK | ||
| 041 |
_aBUL _cBUL |
||
| 080 |
_aКорупция _b328.185 _x(497.2)(091) _z328.185(497.2)(091) |
||
| 080 | _z949.72.065 | ||
| 100 |
_aСугарев, Едвин Стефанов _eпърви автор _91299 |
||
| 139 |
_aСугарев, Едвин Стефанов _bС 89 |
||
| 245 | _aКорупционната България : история на българската корупция в годините на преход към демокрация. Т. 2, 1997-2005 | ||
| 257 | _aBGR | ||
| 260 |
_c2017 _9220517 _aСофия _bГражданско сдружение Либертариум |
||
| 300 |
_a560 с, [16] л. факс. _c24 см |
||
| 380 | _a3 | ||
| 500 | _aИменен показалец | ||
| 650 | 7 |
_9159504 _aКорупция |
|
| 650 | 0 |
_9245662 _aПреход от тоталитаризъм към демокрация - България |
|
| 650 | 7 |
_aистория _9157727 |
|
| 700 |
_aХристов, Христо Станев _eсъавт. _91445 |
||
| 700 |
_aБучков, Петър Николаев _eсъавт. _91445 |
||
| 852 |
_aЦб 289614 _bЦб |
||
| 942 |
_cKNG _2udc _n0 _03 |
||
| 999 | _d323680 | ||